00357nam a2200145Ia 4500008004100000020001500041041001200056082001600068100001500084245004800099250000800147260004000155300000800195650000800203221030s9999 xx 000 0 und d a8129700042 aEnglish a105.23bLia aS. Y. Liao 0aMicrowave Devices & Circuitscby S. Y. Liao a3rd bPearson EducationaNew Delhic2003 a542 aECE